00430nam a22001457a 450000500170000001000130001702000180003003500130004803700090006108200100007024500760008026000400015627000600019630000280025620210610121458.0 aB-740293 a9788131708101 aB-740293 bGIft a363.7 aEnvironmental issues in India:ba reader /cedited by Mahesh Rangarajan aNew DelhibDorling Kindersleyc2012 a11 Community Centre, Panchsheel ParkbNew Delhie110017 axxvii, 570p.c21cm(pbk)